| 000 | 00527nam a2200205Ia 4500 | ||
|---|---|---|---|
| 003 | GCL | ||
| 008 | 140319s9999 xx 000 0 eng d | ||
| 040 |
_aGCL / _cGCL |
||
| 082 | 0 | 4 |
_a693.5 _bN C |
| 100 | 1 | _aNEVILLE, A.M. | |
| 245 | 1 | 0 |
_aCONCRETE TECHNOLOGY / _cNEVILLE, A.M. |
| 700 | 1 | _aBROOKS, J. J. | |
| 260 |
_a[S.N] : _bELBS CHAMPAN AND HALL ، _c1987 |
||
| 300 | _a438 P | ||
| 650 | 0 | 4 | _aالتحليل الرياضى |
| 650 | 0 | 4 | _aCIVIL ENGINEERING |
| 650 | 0 | 4 | _aCONCRETE |
| 650 | 0 | 4 | _aBUILDING |
| 942 |
_2ddc _cBK |
||
| 999 |
_c19969 _d19969 |
||